LEADER 01228nam a2200265 i 4500 001 000000192723 003 CaOOAMICUS 005 20190927111619.0 008 101227s2010 it u000 u ita u 013 $a171348 020 $a978-88-7879-144-2 040 $aSeMil$bita 240 10$aDictionnaire des apparitions de la Vierge Marie.$0(OLS)http://semarc/title/409203 245 10$aDizionario delle apparizioni della Vergine Maria /$cRené Laurentin, Patrick Sbalchiero ; prefazione del cardinale Roger Etchegaray. 260 $aRoma :$bEdizioni Art,$c2010. 300 $a1195 p. ;$c25 cm. 700 1 $aLaurentin, René,$d<1917-2017>.$0(OLS)http://semarc/name/89095 700 1 $aSbalchiero, Patrick.$0(OLS)http://semarc/name/9298 700 1 $aEtchegaray, Roger,$c.$0(OLS)http://semarc/name/18760 850 $aSeMil 852 $aSeMil$W1$xVenegono$y1$mSL1.P IV 23$j143298$B143298$CSeMilBibl$Z2$F160084 $8I 961 $aAcquisto: LdS 996 $6020$a978-88-7879-144-2$9(OLS)http://semarc/number/184014 996 $6245$aDizionario delle apparizioni della Vergine Maria$9(OLS)http://semarc/title/277804 996 $6260$aRoma :$bEdizioni Art$9(OLS)http://semarc/publisher/35299 LEADER 01213nam a2200265 i 4500 001 000000080881 003 CaOOAMICUS 005 20161017000000.0 008 161017s2007 xx u000 u fre u 013 $a53119 020 $a978-2-213-63212-4 040 $aSeMil$bita 100 1 $aBaslez, Marie-Françoise,$d<1946- >.$0(OLS)http://semarc/name/19602 245 14$aLes persécutions dans l'antiquité :$bvictimes, héros, martyrs /$cMarie-Françoise Baslez. 260 $aParis :$bFayard,$c2007. 300 $a417 p. ;$c24 cm. 650 4$aPersecuzioni religiose.$0(OLS)http://semarc/subject/9086 650 4$aCristiani - Persecuzioni - Età antica.$0(OLS)http://semarc/subject/2415 650 4$aChiesa primitiva e delle origini - Persecuzioni - Storia.$0(OLS)http://semarc/subject/16038 850 $aSeMil 852 $aSeMil$W1$xVenegono$y1$m2W IV 27$j46252$B46252$CSeMilBibl$Z2$F48478 $81 961 $aOmaggio: Perego don Stefano 996 $6020$a978-2-213-63212-4$9(OLS)http://semarc/number/61997 996 $6245$aLes persécutions dans l'antiquité :$bvictimes, héros, martyrs$9(OLS)http://semarc/title/128487 996 $6260$aParis :$bFayard$9(OLS)http://semarc/publisher/29821